Sports Quiz

Random Sports or NBA Quiz

Opening Day Starters: Los Angeles Lakers Quiz Stats

 Plays Quiz not verified by Sporcle

Score 0/100 Timer 06:00
0 Plays Today
Year Player % Correct
2011-2012Kobe Bryant
100%
2012-2013Kobe Bryant
100%
2014-2015Kobe Bryant
100%
2010-2011Kobe Bryant
99.5%
2009-2010Kobe Bryant
99.5%
2008-2009Kobe Bryant
99.5%
2007-2008Kobe Bryant
99.5%
2005-2006Kobe Bryant
99.5%
2004-2005Kobe Bryant
99.5%
2002-2003Kobe Bryant
99.5%
2001-2002Kobe Bryant
99.5%
2000-2001Kobe Bryant
99.5%
1998-1999Kobe Bryant
99.5%
2003-2004Shaquille O'Neal
97.3%
2001-2002Shaquille O'Neal
97.3%
2000-2001Shaquille O'Neal
97.3%
1999-2000Shaquille O'Neal
97.3%
1998-1999Shaquille O'Neal
97.3%
1997-1998Shaquille O'Neal
97.3%
1996-1997Shaquille O'Neal
97.3%
2010-2011Pau Gasol
95.7%
2008-2009Pau Gasol
95.7%
2010-2011Derek Fisher
94.9%
2009-2010Derek Fisher
94.9%
2008-2009Derek Fisher
94.9%
2007-2008Derek Fisher
94.9%
2003-2004Derek Fisher
94.9%
2002-2003Derek Fisher
94.9%
1999-2000Derek Fisher
94.9%
1998-1999Derek Fisher
94.9%
2011-2012Pau Gasol
94.4%
2012-2013Pau Gasol
94.4%
2013-2014Pau Gasol
94.4%
2011-2012Derek Fisher
93.3%
Year Player % Correct
2009-2010Andrew Bynum
90.9%
2008-2009Andrew Bynum
90.9%
2006-2007Andrew Bynum
90.9%
2010-2011Lamar Odom
87.1%
2009-2010Lamar Odom
87.1%
2006-2007Lamar Odom
87.1%
2005-2006Lamar Odom
87.1%
2004-2005Lamar Odom
87.1%
2010-2011Ron Artest
84.1%
2009-2010Ron Artest
84.1%
2012-2013Ron Artest
83.1%
2012-2013Steve Nash
78.7%
2013-2014Steve Nash
78.7%
2001-2002Rick Fox
78.2%
2000-2001Rick Fox
78.2%
1997-1998Rick Fox
78.2%
2003-2004Karl Malone
75.3%
2003-2004Gary Payton
73.1%
1998-1999Eddie Jones
71.5%
1997-1998Eddie Jones
71.5%
1996-1997Eddie Jones
71.5%
2002-2003Robert Horry
68.8%
1997-1998Robert Horry
68.8%
2012-2013Dwight Howard
68.5%
2014-2015Wesley Johnson
65.2%
1997-1998Nick Van Exel
64.8%
1996-1997Nick Van Exel
64.8%
1995-1996Nick Van Exel
64.8%
2007-2008Kwame Brown
63.2%
2005-2006Kwame Brown
63.2%
1995-1996Vlade Divac
62.1%
2006-2007Smush Parker
59.1%
2005-2006Smush Parker
59.1%
2000-2001Horace Grant
57.3%
Year Player % Correct
1999-2000AC Green
56.5%
2007-2008Luke Walton
56.2%
2006-2007Luke Walton
56.2%
1999-2000Glen Rice
55.1%
2000-2001Ron Harper
53%
1999-2000Ron Harper
53%
2014-2015Jordan Hill
49.4%
2014-2015Carlos Boozer
47.2%
2014-2015Jeremy Lin
46.1%
1996-1997Cedric Ceballos
44.4%
1995-1996Cedric Ceballos
44.4%
2005-2006Chris Mihm
43%
2004-2005Chris Mihm
43%
1996-1997Elden Campbell
43%
1995-1996Elden Campbell
43%
2003-2004Devean George
42.5%
2002-2003Devean George
42.5%
2013-2014Nick Young
41.6%
2004-2005Caron Butler
38.4%
2013-2014Steve Blake
34.8%
2008-2009Vladimir Radmanovic
34.1%
2001-2002Samaki Walker
34.1%
2006-2007Sasha Vujacic
32.8%
2013-2014Shawne Williams
32.6%
2011-2012Devin Ebanks
24.7%
2004-2005Chucky Atkins
21%
2001-2002Lindsey Hunter
17.2%
2007-2008Ronny Turiaf
16.9%
2011-2012Josh McRoberts
15.7%
1995-1996George Lynch
12.6%
1998-1999Corie Blount
10.2%
2002-2003Soumaila Samake
9.7%

You're not logged in!

Compare scores with friends on all Sporcle quizzes.
OR
Log In

Show Comments

Extras

Top Quizzes Today


Score Distribution

Your Account Isn't Verified!

In order to create a playlist on Sporcle, you need to verify the email address you used during registration. Go to your Sporcle Settings to finish the process.

Report this User

Report this user for behavior that violates our Community Guidelines.

Details: